• 首页
  • 本馆介绍
  • 公告通知
  • 最新文献
  • 馆藏检索
  • 电子资源
  • 读者荐购
  • 参考咨询
  • CALIS
  • 我的图书馆
  • 登录
  • 详细信息显示
  • 放入我的书架
  • 预约/预借图书
  • 作者相关作品
  • 分类相关作品
  • 丛书相关作品
  • 出版社相关作品

书目信息

  • 表格格式
  • 工作单格式
  • 卡片格式
题名:
注册化工工程师执业资格考试基础考试(上)复习教程与模拟试题
    
 
作者: ;《注册化工工程师执业资格考试基础考试(上)复习教程与模拟试题》编委会 , 《注册化工工程师执业资格考试基础考试(上)复习教程与模拟试题》编委会 编
分册:  
出版信息: 天津   天津大学出版社  2004.6
页数: 718页
开本: 26cm
丛书名:
单 册:
中图分类: TQ02 , TQ02-44
科图分类:
主题词: 化学工程--工程师--资格考核--自学参考资料
电子资源:
ISBN: 7-5618-1958-7
 
 
 
 
 
000 01408nam0 2200253 45
001 012004000000
005 20041021153303.02
010    @a7-5618-1958-7@dCNY 96.00
100    @a20040918d2004 em y0chiy0121 ea
101 0  @achi
102    @aCN@b120000
105    @aak zq 000yy
200 1  @a注册化工工程师执业资格考试基础考试(上)复习教程与模拟试题@Azhu ce hua gong gong cheng shi zhi ye zi ge kao shi ji chu kao shi shang fu xi jiao ceng yu mo ni shi ti@f《注册化工工程师执业资格考试基础考试(上)复习教程与模拟试题》编委会编@F《zhu ce hua gong gong cheng shi zhi ye zi ge kao shi ji chu kao shi(shang)fu xi jiao cheng yu mo ni shi ti》bian wei hui bian
210    @a天津@c天津大学出版社@d2004.6
215    @a718页@c图, 表格@d26cm@e附光盘1片
300    @a全国注册化工工程师考试培训教材
307    @a附光盘: 7-89995-461-4
606 0  @a化学工程@x工程师@x资格考核@j自学参考资料
690    @aTQ02@v4
690    @aTQ02-44@v3
711 02 @a《注册化工工程师执业资格考试基础考试(上)复习教程与模拟试题》编委会@Azhu ce hua gong gong cheng shi zhi ye zi ge kao shi ji chu kao shi shang fu xi jiao ceng yu mo ni shi ti bian wei hui@4编
711  0 @a《注册化工工程师执业资格考试基础考试(上)复习教程与模拟试题》编委会@A《zhu ce hua gong gong cheng shi zhi ye zi ge kao shi ji chu kao shi(shang)fu xi jiao cheng yu mo ni shi ti》bian wei hui@4编
801  0 @aCN@bQSSKxf@c20041021
905    @a10447@dTQ02-44@eZ906:1
    
    注册化工工程师执业资格考试基础考试(上)复习教程与模拟试题/《注册化工工程师执业资格考试基础考试(上)复习教程与模拟试题》编委会编.-天津:天津大学出版社,2004.6
    718页:图, 表格;26cm+附光盘1片
    全国注册化工工程师考试培训教材
    
    ISBN 7-5618-1958-7:CNY 96.00
    
●
相关链接 在E读中查询图书 在当当中查询图书 在豆瓣中查询图书


正题名:注册化工工程师执业资格考试基础考试(上)复     索取号:TQ02-44/Z906:1         预约/预借

序号 登录号 条形码 馆藏地/架位号 状态 备注
1 421940   204219407   自科库501/501自科库 137排8列2层/ [索取号:TQ02-44/Z906:1] 在馆    
2 421941   204219416   材料与化工学院资料室/ [索取号:TQ02-44/Z906:1] 在馆    
河南城建学院图书馆 欢迎您!
大连网信软件有限公司© 版权所有